000
00304nam a22001097a 4500
082
_a
321.8 FRI'C
100
_a
FRIEDRICH, CARL J
_9
60509
245
_a
CONSTITUTIONAL GOVERNMENT AND DEMOCRACY THEORY AND PRACTICE IN EUROPE AND AMERICA
260
_a
BOSTON
_b
GINN & CO
_c
1946
300
_a
695P
942
_c
BK
999
_c
570214
_d
570214